00851 2200265 4500001002100000005001700021008004100038020002200079035002500101040001200126082001900138084001900157090001900176245014300195250001100338260003100349300003100380500007100411650001700482700001700499700001600516700002000532850001200552990002100564INLIS00000000000118120141211143531.0  a978-979-21-3554-1 a0010-121400000000263 aYOPDYOG aDEP 303.34 Nic aDEP 303.34 Nic aDEP 303.34 Nic aNICCOLO Machiavelli:bsang pangeran interperetasi 52 gagasan cemerlangc/ Tim Phillips ; penerjemah, Hardonohadi ; editor, Satriyo Sinubyo aCet. 1 aYogyakartabKanisiusc2013 ax, 156 hlm. ; 20 cmc20 cm aJudul asli Niccolo Machiavelli's The Prince, 52 ideas interpretted aKepemimpinan aTim Phillips aHardonohadi aSatriyo Sinubyo aYOPDYOG aCB-D.112013-1223